(Papers presented at ... , 5-6 October 2000, Kuala Lumpur

Bibliographic Details
Corporate Author: PERSIDANGAN Pertama Chief Information Officer (CIO) Sektor Awam
Format: Book
Published: (Kuala Lumpur : Unit Pemodenan Tadbiran dan Perancangan Pengurusan Malaysia; Institut Tadbiran Awam Negara , 2000)
Subjects:

MARC

LEADER 00000cam a2200000 7i4500
001 0000002679
005 20031028.0
090 0 0 |a C658.4038   |b PER 2000 
110 1 0 |a PERSIDANGAN Pertama Chief Information Officer (CIO) Sektor Awam   |k 2000   |j Kuala Lumpur 
245 1 0 |a (Papers presented at ... , 5-6 October 2000, Kuala Lumpur 
260 0 0 |a (Kuala Lumpur :   |b Unit Pemodenan Tadbiran dan Perancangan Pengurusan Malaysia; Institut Tadbiran Awam Negara ,   |c 2000) 
300 |a Various pagings :   |b ill. ;   |c 30 cm. 
650 0 0 |a Chief information officers   |x Congresses 
650 0 0 |a Information technology   |x Management   |x Congresses 
998 |a JPSM 
999 |a 0000005058   |b Monograph   |c Conference kit   |e Default branch